Fr. Conceicao Rodrigues College of Engineering

Digital Signal Processing:Signals (Record no. 20553)

MARC details
000 -LEADER
fixed length control field 00354nam a2200157Ia 4500
082 ## - DEWEY DECIMAL CLASSIFICATION NUMBER
Classification number 621.3822/ANT
Item number ANT
100 ## - MAIN ENTRY--PERSONAL NAME
Personal name Antoniou/Andreas
245 ## - TITLE STATEMENT
Title Digital Signal Processing:Signals
260 ## - PUBLICATION, DISTRIBUTION, ETC.
Name of publisher, distributor, etc. McGraw Hill International
Place of publication, distribution, etc. New Delhi
Date of publication, distribution, etc. 2006
366 ## - TRADE AVAILABILITY INFORMATION
Publishers's discount category 20
300 ## - PHYSICAL DESCRIPTION
Extent 965
546 ## - LANGUAGE NOTE
Language note ENGLISH
650 ## - SUBJECT ADDED ENTRY--TOPICAL TERM
Topical term or geographic name entry element DSP
654 ## - SUBJECT ADDED ENTRY--FACETED TOPICAL TERMS
Focus term DSP
942 ## - ADDED ENTRY ELEMENTS (KOHA)
Koha item type Reference Book
Holdings
Withdrawn status Lost status Damaged status Not for loan Collection Home library Current library Date acquired Source of acquisition Cost, normal purchase price Inventory number Total Checkouts Full call number Barcode Date last seen Cost, replacement price Price effective from Koha item type
        CRC Fr. Agnel's C.Rodrigues College of Engineering Fr. Agnel's C.Rodrigues College of Engineering 17/03/2023 Milan Book Supplier 4022.40 1351 dt 26/03/2008   621.3822/ANT ANT 18701 17/03/2023 5028.00   Reference Book